<?xml version="1.0" encoding="UTF-8"?>
<collection xmlns="http://www.loc.gov/MARC21/slim">
 <record>
  <leader>03778nam a2200553 a 4500</leader>
  <controlfield tag="001">1055397</controlfield>
  <controlfield tag="008">091008s1990    dcu      t   u00| 0 eng d</controlfield>
  <datafield tag="040" ind1=" " ind2=" ">
   <subfield code="a">DNLM</subfield>
   <subfield code="c">DNLM</subfield>
  </datafield>
  <datafield tag="082" ind1="0" ind2="0">
   <subfield code="a">376/.9172/4</subfield>
   <subfield code="2">20</subfield>
  </datafield>
  <datafield tag="245" ind1="0" ind2="4">
   <subfield code="a">The economic and social impacts of girls' primary education in developing countries /</subfield>
   <subfield code="c">M. Floro, J.M. Wolf.</subfield>
  </datafield>
  <datafield tag="260" ind1=" " ind2=" ">
   <subfield code="a">Washington, D.C., Agency for International Development [USAID], Office of Education and Women in Development,</subfield>
   <subfield code="c">1990.</subfield>
  </datafield>
  <datafield tag="300" ind1=" " ind2=" ">
   <subfield code="a">iv, 105, 7 p. :</subfield>
   <subfield code="b">ill. ;</subfield>
   <subfield code="c">28 cm.</subfield>
  </datafield>
  <datafield tag="500" ind1=" " ind2=" ">
   <subfield code="a">USAID Contract No. DPE-5832-Z-00-9032-00.</subfield>
  </datafield>
  <datafield tag="504" ind1=" " ind2=" ">
   <subfield code="a">Includes bibliographical references (p.79-105)</subfield>
  </datafield>
  <datafield tag="520" ind1="3" ind2=" ">
   <subfield code="a">Policy in many countries of Africa, Asia, and Latin America has aimed to improve and extend public access to education.  Countries have been moderately successful in achieving this goal.  Over the period 1965-85, primary school enrollment in developing countries increased from 298 million to 482 million.  School-age population, however, increased from 372 million to 527 million over the same period.  145 million school-age children did not have access to primary education in 1985.  Accordingly, greater strides must be made in expanding access to education in developing countries.  Female students are especially underrepresented in schools.  This paper reviews evidence from countries throughout the world attesting to the positive economic and social impacts of girls' primary education in developing countries.  Education has direct and indirect positive effects on the economic and social well-being of women, families, communities, and countries.  Overall impact originates from the interplay of social and economic outcomes, with the latter conditioned by prevailing economic, social, and cultural environments. Education brings new skills and attitudes to women which lead to higher levels of female labor force participation, increased access to training and credit, and greater production of nonmarketed goods.  Women develop greater decision making power, literacy and cognitive skills, higher potential to improve health care within the family, a desire for fewer children, and an interest in educating them.  While much remains to be learned about the various effects of female education, studies do suggest that age, type of economic policy, resource distribution, gender discrimination, social and cultural norms, and socioeconomic background affect the manner and degree to which women use education-acquired skills.</subfield>
  </datafield>
  <datafield tag="541" ind1="1" ind2=" ">
   <subfield code="e">00006100</subfield>
  </datafield>
  <datafield tag="650" ind1="1" ind2="2">
   <subfield code="a">Women</subfield>
   <subfield code="x">Education</subfield>
   <subfield code="z">Developing countries.</subfield>
  </datafield>
  <datafield tag="650" ind1="1" ind2="2">
   <subfield code="a">Culture</subfield>
   <subfield code="8">p</subfield>
  </datafield>
  <datafield tag="650" ind1="1" ind2="2">
   <subfield code="a">Decision Making</subfield>
   <subfield code="8">p</subfield>
  </datafield>
  <datafield tag="650" ind1="1" ind2="2">
   <subfield code="a">Developing Countries</subfield>
   <subfield code="8">p</subfield>
  </datafield>
  <datafield tag="650" ind1="1" ind2="2">
   <subfield code="a">Economics</subfield>
   <subfield code="8">p</subfield>
  </datafield>
  <datafield tag="650" ind1="1" ind2="2">
   <subfield code="a">Educational Status</subfield>
   <subfield code="8">p</subfield>
  </datafield>
  <datafield tag="650" ind1="1" ind2="2">
   <subfield code="a">Employment</subfield>
   <subfield code="8">p</subfield>
  </datafield>
  <datafield tag="650" ind1="1" ind2="2">
   <subfield code="a">Family Characteristics</subfield>
   <subfield code="8">p</subfield>
  </datafield>
  <datafield tag="650" ind1="1" ind2="2">
   <subfield code="a">Health Resources</subfield>
   <subfield code="8">p</subfield>
  </datafield>
  <datafield tag="650" ind1="1" ind2="2">
   <subfield code="a">Health Services Needs and Demand</subfield>
   <subfield code="8">p</subfield>
  </datafield>
  <datafield tag="650" ind1="1" ind2="2">
   <subfield code="a">Public Policy</subfield>
   <subfield code="8">p</subfield>
  </datafield>
  <datafield tag="650" ind1="1" ind2="2">
   <subfield code="a">Research</subfield>
   <subfield code="8">p</subfield>
  </datafield>
  <datafield tag="650" ind1="1" ind2="2">
   <subfield code="a">Schools</subfield>
   <subfield code="8">p</subfield>
  </datafield>
  <datafield tag="650" ind1="1" ind2="2">
   <subfield code="a">Social Change</subfield>
   <subfield code="8">p</subfield>
  </datafield>
  <datafield tag="650" ind1="1" ind2="2">
   <subfield code="a">Socioeconomic Factors</subfield>
   <subfield code="8">p</subfield>
  </datafield>
  <datafield tag="650" ind1="1" ind2="2">
   <subfield code="a">Women</subfield>
   <subfield code="8">p</subfield>
  </datafield>
  <datafield tag="650" ind1="1" ind2="2">
   <subfield code="a">Women's Rights</subfield>
   <subfield code="8">p</subfield>
  </datafield>
  <datafield tag="650" ind1="2" ind2="2">
   <subfield code="a">Behavior</subfield>
   <subfield code="8">p</subfield>
  </datafield>
  <datafield tag="650" ind1="2" ind2="2">
   <subfield code="a">Demography</subfield>
   <subfield code="8">p</subfield>
  </datafield>
  <datafield tag="650" ind1="2" ind2="2">
   <subfield code="a">Education</subfield>
   <subfield code="8">p</subfield>
  </datafield>
  <datafield tag="650" ind1="2" ind2="2">
   <subfield code="a">Health Manpower</subfield>
   <subfield code="8">p</subfield>
  </datafield>
  <datafield tag="650" ind1="2" ind2="2">
   <subfield code="a">Organization and Administration</subfield>
   <subfield code="8">p</subfield>
  </datafield>
  <datafield tag="650" ind1="2" ind2="2">
   <subfield code="a">Population</subfield>
   <subfield code="8">p</subfield>
  </datafield>
  <datafield tag="650" ind1="2" ind2="2">
   <subfield code="a">Population Characteristics</subfield>
   <subfield code="8">p</subfield>
  </datafield>
  <datafield tag="650" ind1="2" ind2="2">
   <subfield code="a">Psychology</subfield>
   <subfield code="8">p</subfield>
  </datafield>
  <datafield tag="650" ind1="2" ind2="2">
   <subfield code="a">Social Behavior</subfield>
   <subfield code="8">p</subfield>
  </datafield>
  <datafield tag="650" ind1="2" ind2="2">
   <subfield code="a">Social Class</subfield>
   <subfield code="8">p</subfield>
  </datafield>
  <datafield tag="655" ind1=" " ind2="2">
   <subfield code="a">Technical Report</subfield>
   <subfield code="8">p</subfield>
  </datafield>
  <datafield tag="700" ind1="1" ind2=" ">
   <subfield code="a">Floro, M.</subfield>
  </datafield>
  <datafield tag="700" ind1="1" ind2=" ">
   <subfield code="a">Wolf, J. M.</subfield>
  </datafield>
  <datafield tag="852" ind1="4" ind2=" ">
   <subfield code="a">Ayesha Abed Library</subfield>
   <subfield code="j">General shelf </subfield>
  </datafield>
  <datafield tag="999" ind1=" " ind2=" ">
   <subfield code="c">4475</subfield>
   <subfield code="d">4475</subfield>
  </datafield>
  <datafield tag="952" ind1=" " ind2=" ">
   <subfield code="0">0</subfield>
   <subfield code="1">0</subfield>
   <subfield code="2">ddc</subfield>
   <subfield code="4">0</subfield>
   <subfield code="6">376_917240000000000_ECO_1990</subfield>
   <subfield code="7">0</subfield>
   <subfield code="9">4190</subfield>
   <subfield code="a">BRACUL</subfield>
   <subfield code="b">BRACUL</subfield>
   <subfield code="c">GEN</subfield>
   <subfield code="d">2009-10-11</subfield>
   <subfield code="g">940.00</subfield>
   <subfield code="l">1</subfield>
   <subfield code="m">4</subfield>
   <subfield code="o">376.91724 ECO</subfield>
   <subfield code="p">3010006100</subfield>
   <subfield code="r">2013-04-27</subfield>
   <subfield code="s">2013-04-01</subfield>
   <subfield code="t">1</subfield>
   <subfield code="v">1880.00</subfield>
   <subfield code="w">2009-10-11</subfield>
   <subfield code="y">BK</subfield>
  </datafield>
 </record>
</collection>
